Rafa My Story (Record no. 11253)

MARC details
000 -LEADER
fixed length control field 00257nam a22000977a 4500
008 - FIXED-LENGTH DATA ELEMENTS--GENERAL INFORMATION
fixed length control field 181204b ||||| |||| 00| 0 eng d
020 ## - INTERNATIONAL STANDARD BOOK NUMBER
International Standard Book Number 9780751547733
100 ## - MAIN ENTRY--PERSONAL NAME
Personal name Nadal Rafael
9 (RLIN) 7001
245 ## - TITLE STATEMENT
Title Rafa My Story
260 ## - PUBLICATION, DISTRIBUTION, ETC. (IMPRINT)
Place of publication, distribution, etc. Little Brown Book Group
Name of publisher, distributor, etc. London
Date of publication, distribution, etc. 2011
Holdings
Withdrawn status Lost status Source of classification or shelving scheme Damaged status Koha normalized classification for sorting Not for loan Home library Current library Shelving location Date acquired Total Checkouts Full call number Barcode Date last seen Date last checked out Price effective from Koha item type
    Dewey Decimal Classification   796_340000000000000   Good Samaritan School Library Good Samaritan School Library Sports & Games 12/04/2018 4 796.34 NAD15201 08/13/2025 08/05/2025 12/04/2018 BOOK

Powered by Koha